XI Roku 2007 wg Tygodnika "Piłka Nożna" (spoza Europy) - Statystyki

Ogólne statystyki
  • Ten quiz został rozwiązany 89 razy
  • Średni wynik to 7 z 11
Statystyki odpowiedzi
Pozycja Kraj Klub Zawodnik % Poprawnych
N WKS Chelsea Didier Drogba
91%
PP Argentyna Barcelona Lionel Messi
90%
ŚPO Brazylia Milan Kaka
89%
ŚPD Ghana Chelsea Michael Essien
85%
BR Brazylia Inter Julio Cesar
74%
ŚO WKS Arsenal Kolo Toure
70%
PO Brazylia Inter Maicon
62%
LP Brazylia Real M. Robinho
52%
N Mali Sevilla Frederic Kanoute
20%
LO Brazylia Inter Maxwell
17%
ŚO Argentyna Saragossa/Barcelona Gabriel Milito
16%
Nie znaleziono quizów pasujących do podanych kryteriów
Rozkład punktacji
Procent ludzi z każdym wynikiem
Percentyl według liczby udzielonych odpowiedzi
Twoja historia wyników
Nie rozwiązałeś tego quizu